000 00312nam a22001337a 4500
008 181217b xxu||||| |||| 00| 0 eng d
020 _a0894438468
041 _aeng
080 _a610.73
100 _a2
101 _aINF
245 _aClinical Electrocardiography for Nurses
_cSweetwood,H.M
942 _2udc
_cBK
999 _c53163
_d53163